Relación y documentos del gobierno del virrey del Perú, José A. Manso de Velasco, conde de Superunda 1745-1761
Uloženo v:
| Hlavní autor: | |
|---|---|
| Médium: | Kniha |
| Jazyk: | španělština |
| Vydáno: |
Madrid
Gonzalo Fernández de Oviedo
1983
|
| Edice: | Colección tierra nueva e cielo nuevo, 10
|
| Témata: | |
| Tagy: |
Přidat tag
Žádné tagy, Buďte první, kdo vytvoří štítek k tomuto záznamu!
|
MARC
| LEADER | 00000nam a2200000 a 4500 | ||
|---|---|---|---|
| 001 | UCO3250 | ||
| 003 | CL-VaPUC | ||
| 005 | 20250228113558.0 | ||
| 008 | 000714e19830000SP |||||||||||||||||spa|d | ||
| 999 | |c 289718 |d 289716 | ||
| 040 | |c Pontificia Universidad Católica de Valparaíso | ||
| 082 | 0 | 4 | |a 340.0985 |b MAN |2 21 |
| 100 | |a Manso de Velasco, José Antonio |e autor |9 447261 | ||
| 245 | 1 | 0 | |a Relación y documentos del gobierno del virrey del Perú, José A. Manso de Velasco, conde de Superunda 1745-1761 |
| 260 | |a Madrid |b Gonzalo Fernández de Oviedo |c 1983 | ||
| 300 | |a 493 p | ||
| 490 | 0 | |a Colección tierra nueva e cielo nuevo, 10 | |
| 583 | |a last modification |c 20000714 00:00:00 |k Rodrigo Vera | ||
| 600 | |a Manso de Velasco, José Antonio, |d 1688-1767 |9 862323 | ||
| 650 | 0 | |a Derecho español |9 255291 | |
| 650 | 7 | |a DOCUMENTOS |2 CL-VaPUC |9 366450 | |
| 650 | 7 | |a REAL CEDULA |2 CL-VaPUC |9 432312 | |
| 650 | 7 | |a REAL HACIENDA |2 CL-VaPUC |9 437088 | |
| 650 | 0 | |a Historia de Perú |9 316239 | |
| 650 | 0 | |a Periodo Colonial |9 257430 | |
| 650 | 0 | |a Inquisición (Iglesia Católica) |9 258578 | |
| 650 | 0 | |a Virreyes |9 386780 | |
| 650 | 0 | |a Virreinato del Perú |9 414472 | |
| 651 | 0 | |a Perú |9 256567 | |
| 942 | |c BK |2 ddc | ||
| 945 | |d 20000714 00:00:00 |a rherrera | ||
| 952 | |0 0 |1 0 |4 0 |6 340_098500000000000_MAN_1983 |7 0 |8 A |9 338327 |a BIBHIS |b BIBHIS |d 2019-11-20 |i 1297090 |o 340.0985 MAN 1983 |p 1297090 |r 2025-01-20 |w 2019-11-20 |y BK |k HIS | ||